| 000 | 00456nam a2200181 4500 | ||
|---|---|---|---|
| 001 | 26965 | ||
| 005 | 20230411085954.0 | ||
| 008 | 060907n1993 dr spa | ||
| 020 | _a842060609x | ||
| 035 | _9funglode27169 | ||
| 041 | _aES | ||
| 100 | _aZamyatin, Yevgeni | ||
| 245 | 1 |
_aNosotros / _cYevgeni Zamyatin |
|
| 260 |
_aMadrid : _bAlianza Editorial, _c1993 |
||
| 300 | _a266 p. | ||
| 440 |
_aCol. Literatura ; _v1609 |
||
| 942 |
_2lcc _cbk |
||
| 999 |
_c110248 _d110248 |
||